000 00519nam a2200193Ia 4500
001 8280
003 IN-NITTTR
005 20251114233036.0
008 251113s9999||||xx |||||||||||||| ||eng||
040 _beng
040 _cIN-NITTTR
041 _aeng
082 _a004 F779C
100 _aForsythe, A. I.
245 0 _aComputer science :
_b a first course /
_cForsythe, A. I., Keenan. T. A, Organick, E. I., Stenberg, W.
700 _a E. I., Stenberg W
700 _a Keenan. T. A, Organick
942 _2ddc
_cBK
999 _c10918
_d10918